Common noun

Bibliographic Details
Format: Book
Published: India : Priority Publications , [s.n]
Series:My little book of grammar

MARC

LEADER 00000cam a2200000 7i4500
001 0000062492
005 20220105104210.0
008 160411
020 |a 8180220885 
020 |a 9798180220882 
090 0 0 |a EDU   |b ENG 
245 1 0 |a Common noun 
260 |a India :   |b Priority Publications ,   |c [s.n] 
300 |a 12pg. :   |b col. ill. 
490 1 |a My little book of grammar 
500 |a Children age 4-6 years old (yellow) 
999 |a 0001205297   |b Book   |c Children Collection   |e Cawangan Tmn. Ungku Tun Aminah 
999 |a 0001205299   |b Book   |c Children Collection   |e Cawangan Segamat 
999 |a 0001205305   |b Book   |c Children Collection   |e Cawangan Bandar Penawar 
999 |a 0001205308   |b Book   |c Children Collection   |e Cawangan Bukit Gambir 
999 |a 0001205309   |b Book   |c Children Collection   |e Cawangan Bandar Tenggara